Year by Country Shape - Germany - Statistics

General Stats
  • This quiz has been taken 231 times
  • The average score is 8 of 11
Answer Stats
Picture Hint Answer % Correct
____ - 2025 1990
100%
____ - 1990 1957
80%
____ - 1990 1949
79%
____ - 1918 1871
78%
____ - 1935 1919
78%
____ - 1938 1935
69%
1938
69%
1939
60%
1940
55%
1943
52%
____ - 1871 1867
46%
No matching quizzes found
Score Distribution
Percent of People with Each Score
Percentile by Number Answered
Your Score History
You have not taken this quiz